000 01078nam a22003615b 4500
001 02247382
003 DO-SdBNP
005 20180212102554.0
007 02247382
008 940426s2001 sp a | |||| ||spa
016 7 _a
_2BPMSU
017 _a
_b
020 _a8434827034
035 _a
040 _aBPMSU
_bspa
_cBPMSU
_e
041 1 _aspa
_h
080 0 _a
100 1 _aMachado, Ana María
_d1941-
240 1 0 _a Camilá o Camilao/
_l
245 1 _aCamilón, comilón /
_cAna María Machado ; ilustraciones de Gusti ; traducción Manuel Barbadillo
_h
250 _a21 ed.
260 _aMadrid :
_bSM,
_c2001
300 _a59 p. :
_b il.,
_c19 cm
490 _aEl barco de vapor.
_aBlanca
_v27
586 _a"Manzana de Oro en Bratislava 1990"
586 _a"Premio Nacional de Ilustración 1990"
700 0 1 _aGusti
_d1963-
_eil.
700 1 1 _aBarbadillo, Manuel
_d1928-2007
_etr.
830 _aEl barco de vapor.
_pBlanca
_v27
942 _2ddc
_cBK
945 _aInventariado, 2018/ YL
956 _adgarcia
_210
_320160405
_6BPMSU
_80069
999 _c12081
_d12081